[Event "POL-ch Rapid U18 Girls"]
[Site "Bydgoszcz"]
[Date "2023.08.29"]
[Round "1"]
[White "Wasilowska, Anna"]
[Black "Gaszka, Zuzanna"]
[Result "0-1"]
[WhiteElo "1125"]
[BlackElo "1547"]
[PlyCount "110"]
[EventDate "2023.08.28"]
[EventType "swiss"]
[EventRounds "11"]
[EventCountry "POL"]
[SourceTitle "EXT 2024"]
[Source "ChessBase"]
[SourceDate "2023.10.10"]
[SourceVersion "1"]
[SourceVersionDate "2023.10.10"]
[SourceQuality "1"]

1. e4 c6 2. d4 d5 3. exd5 cxd5 4. Nc3 Nc6 5. Nf3 Bg4 6. Be3 e6 7. h3 Bh5 8. g4 Bg6 9. Ne5 Bd6 10. Nxc6 bxc6 11. f4 Qh4+ 12. Kd2 Qf6 13. f5 exf5 14. gxf5 Bxf5 15. Qe1 Ne7 16. Rd1 Rb8 17. b3 Bb4 18. Kc1 0-0 19. Bf4 Rbe8 20. Qg3 Ng6 21. Bg5 Qe6 22. Bg2 Qd7 23. h4 Bxc3 24. Qxc3 Re2 25. Rd2 Rfe8 26. h5 Nf8 27. h6 g6 28. Bf6 Qd6 29. Bg7 Qa3+ 30. Kd1 Bg4 31. Rxe2 Bxe2+ 32. Kd2 Qd6 33. Be5 Qd7 34. Re1 Bg4 35. Bf1 Qf5 36. Bd3 Qg5+ 37. Re3 f6 38. Qxc6 Re6 39. Qxd5 fxe5 40. dxe5 Bf5 41. Qb7 Qe7 42. Qg2 Bxd3 43. Rxd3 Rxe5 44. Re3 Rxe3 45. Qd5+ Re6 46. Qc4 Qd6+ 47. Kc1 Kh8 48. Qc8 Re1+ 49. Kb2 Qf6+ 50. Ka3 Re6 51. Qb7 Ra6+ 52. Kb4 Rb6+ 53. Qxb6 Qxb6+ 54. Kc3 Ne6 55. a4 Qd4# 0-1